000 nam a22 7a 4500
999 _c2606
_d2606
005 20170517120201.0
008 170517b2001 my ||||| |||| 00| 0 may d
040 _aAKMAL
082 _a620.1 PUS
090 _a620.1
_bPUS
245 _aPanduan Perkhidmatan PUSPAKOM
260 _aKuala Lumpur ;
_bPUSPAKOM Teknik Sdn Bhd
_c2001
300 _a152ms
_ccm
942 _2ddc
_cBOOK